Qu'est-ce qu'un bon film ? (notice n° 1569785)

détails MARC
000 -LEADER
fixed length control field 01285cam a2200133 4500500
005 - DATE AND TIME OF LATEST TRANSACTION
control field 20251214012113.0
041 ## - LANGUAGE CODE
Language code of text/sound track or separate title fre
042 ## - AUTHENTICATION CODE
Authentication code dc
100 10 - MAIN ENTRY--PERSONAL NAME
Personal name Jullier, Laurent
Relator term author
245 00 - TITLE STATEMENT
Title Qu'est-ce qu'un bon film ?
260 ## - PUBLICATION, DISTRIBUTION, ETC.
Name of publisher, distributor, etc. Armand Colin,<br/>
Date of publication, distribution, etc. 2021.<br/>
520 ## - SUMMARY, ETC.
Summary, etc. – J’ai adoré. – Tu es fou  ? C’était mauvais. Au cinéma, nous n’avons pas tous les mêmes goûts. Il existe quantité de raisons de s’enthousiasmer pour un film (ou de bâiller devant lui), et ce livre en fait le tour. Il ne tranche pas. Quels que soient mes goûts et ceux de mon voisin, je n’ai pas à me sentir inférieur ni supérieur à lui. Même s’il fait la moue quand je lui dis quel est mon film préféré. D’ailleurs la recette du bon film n’existe pas, sinon les réalisateurs l’appliqueraient depuis longtemps. Tout le monde fait de son mieux, de chaque côté de l’écran. Ce n’est pas facile. On ne sait pas toujours dire à l’avance quelles qualités un film doit posséder pour nous plaire. Et en sortant de la séance, on ne sait pas toujours quoi dire. Qu’est-ce qu’un bon film  ? dédramatise la question. Acceptons nos différences.
856 41 - ELECTRONIC LOCATION AND ACCESS
Uniform Resource Identifier <a href="https://shs.cairn.info/qu-est-ce-qu-un-bon-film--9782200629878?lang=fr&redirect-ssocas=7080">https://shs.cairn.info/qu-est-ce-qu-un-bon-film--9782200629878?lang=fr&redirect-ssocas=7080</a>

Pas d'exemplaire disponible.

PLUDOC

PLUDOC est la plateforme unique et centralisée de gestion des bibliothèques physiques et numériques de Guinée administré par le CEDUST. Elle est la plus grande base de données de ressources documentaires pour les Étudiants, Enseignants chercheurs et Chercheurs de Guinée.

Adresse

627 919 101/664 919 101

25 boulevard du commerce
Kaloum, Conakry, Guinée

Réseaux sociaux

Powered by Netsen Group @ 2025